00908 2200181 4500245004900000020002200049250001100071100001700082700002900099650004300128005001900171260004100190041001400231084000800245300001500253500044900268336000900717 aThe Treasure Map of BoyscLockhart, E.hText a978-602-00-1558-3 aCet. 1 aLockhart, E. aSabrina Anggraini Jubhar aFiksi Inggris (dalam Bahasa Indonesia) a20231011080722 aJakartabElex Media Komputindoc2009 aIndonesia a823 a287 hlm. : aKatakan kau akan menjadi patnerku selamanya. Di kilas Kimia, kamu dan aku.*ini semester kedua kelas sebelas Ruby. Ini juga minggu ketiga puluh tujuhnya berada di alam tanpa Pacar. Serangan paniknya semakin parah, kehidupan cintanya apalagi, dan seolah semua itu belum cukup, Ruby juga di pusingkan dengan .>Noel yang mengirim surat,>Jackson yang memberinya kata>Gideon yang membantunya membuat donat,>Dan Finn yang. Merah padam saat melihatnya. atext